[Event "Znojemska rotunda 2004"]
[Site "?"]
[Date "????.??.??"]
[Round "1"]
[White "Dvorak, Libor"]
[Black "Holik, Jakub"]
[Result "1-0"]
[WhiteElo "2026"]
[BlackElo "1361"]
[PlyCount "37"]

1. Nf3 d5 2. c4 Nf6 3. g3 Bf5 4. Bg2 e6 5. O-O Bc5 6. d3 O-O 7. a3 Nc6 8. b4
Bd6 9. Bb2 e5 10. cxd5 Nxd5 11. e4 Be6 12. exd5 Bxd5 13. b5 Ne7 14. Nxe5 Bxg2
15. Kxg2 Re8 16. Nc4 Bc5 17. Nc3 Nf5 18. Ne4 h6 19. Nxc5 1-0

[Event "Znojemska rotunda 2004"]
[Site "?"]
[Date "????.??.??"]
[Round "1"]
[White "Markovic, Ivan"]
[Black "Jadud, Otto"]
[Result "1/2-1/2"]
[WhiteElo "2223"]
[BlackElo "1974"]
[PlyCount "130"]

1. e4 c5 2. Nf3 Nc6 3. d4 cxd4 4. Nxd4 Nf6 5. Nc3 e5 6. Ndb5 d6 7. Bg5 a6 8.
Na3 b5 9. Bxf6 gxf6 10. Nd5 f5 11. c3 fxe4 12. Bxb5 axb5 13. Nxb5 Be6 14. Nbc7+
Kd7 15. Nxa8 Bxd5 16. Qxd5 Qxa8 17. Qxf7+ Be7 18. Qf5+ Kc7 19. Qxe4 Qa6 20. Qe2
Qxe2+ 21. Kxe2 d5 22. f3 Rb8 23. Rab1 Rg8 24. g3 h5 25. Rhd1 Kd6 26. b4 h4 27.
Kf2 Rf8 28. Kg2 h3+ 29. Kf2 e4 30. f4 Bf6 31. Rb3 Ra8 32. Rd2 d4 33. cxd4 Kd5
34. g4 Bxd4+ 35. Ke2 Rh8 36. b5 Na5 37. Rb4 Nc4 38. Rd1 Ra8 39. a4 Kc5 40. b6
Kxb4 41. Rxd4 Kc5 42. Rxe4 Rxa4 43. b7 Rb4 44. Kf2 Rxb7 45. Kg3 Rb3+ 46. Kh4
Kd5 47. Re2 Rf3 48. Kg5 Ne3 49. f5 Ke4 50. Ra2 Nd5 51. Re2+ Kd3 52. Re8 Rf2 53.
Rh8 Nf4 54. f6 Ke2 55. Re8+ Kf1 56. f7 Kg2 57. Kh6 Ne6 58. Rxe6 Kxh2 59. Re2
Rxe2 60. f8=Q Kg1 61. Qc5+ Rf2 62. Qc1+ Kg2 63. Qc6+ Rf3 64. Qc2+ Rf2 65. Qe4+
Rf3 1/2-1/2

[Event "Znojemska rotunda 2004"]
[Site "?"]
[Date "????.??.??"]
[Round "1"]
[White "Malar, Josef"]
[Black "Mlensky, Dalibor"]
[Result "0-1"]
[WhiteElo "1570"]
[BlackElo "2094"]
[PlyCount "76"]

1. Nf3 b6 2. g3 Bb7 3. Bg2 e6 4. c4 a5 5. d3 Na6 6. a3 f5 7. b3 Nf6 8. Bb2 Be7
9. Nbd2 O-O 10. O-O Qe8 11. Ne1 Bxg2 12. Nxg2 Nc5 13. Qc2 Qh5 14. Nf3 g5 15. h4
Ng4 16. b4 Nb7 17. b5 d6 18. Qd2 h6 19. Bc3 Nc5 20. Qc2 Rae8 21. Rae1 Bd8 22.
e3 e5 23. Qe2 Ne6 24. Qd1 Qg6 25. e4 Nf6 26. Nd2 f4 27. g4 gxh4 28. f3 Qg5 29.
Re2 Rf7 30. Ne1 h5 31. Rh2 Rg7 32. Ng2 hxg4 33. Nxh4 g3 34. Rh3 Rh7 35. Kg2
Rxh4 36. Rxh4 Qxh4 37. Rh1 Qg5 38. Rh3 Re7 0-1

[Event "Znojemska rotunda 2004"]
[Site "?"]
[Date "????.??.??"]
[Round "1"]
[White "Skaroupka, Jiri"]
[Black "Voborny, David"]
[Result "1-0"]
[WhiteElo "2026"]
[BlackElo "1776"]
[PlyCount "57"]

1. d4 Nf6 2. c4 e5 3. dxe5 Ng4 4. Nf3 Nc6 5. e3 Bb4+ 6. Bd2 Bxd2+ 7. Qxd2 Ngxe5
8. Be2 O-O 9. Nc3 d6 10. O-O Nxf3+ 11. Bxf3 Ne5 12. Be2 Qh4 13. f4 Ng4 14. h3
Nf6 15. Bf3 Re8 16. Rae1 Qg3 17. Qf2 Qg6 18. Kh2 Qd3 19. e4 Qxc4 20. Qg3 Be6
21. e5 dxe5 22. fxe5 Nd7 23. Bxb7 Rab8 24. Rf4 Qc5 25. Ne4 Qf8 26. Bc6 Kh8 27.
Ng5 Qe7 28. Rd1 Red8 29. Qh4 1-0

[Event "Znojemska rotunda 2004"]
[Site "?"]
[Date "????.??.??"]
[Round "1"]
[White "Urban, Vlastimil"]
[Black "Bastyr, Pavel"]
[Result "1-0"]
[WhiteElo "2085"]
[BlackElo "1543"]
[PlyCount "57"]

1. d4 Nf6 2. c4 g6 3. Nc3 Bg7 4. e4 d6 5. f4 O-O 6. Be2 c5 7. d5 Na6 8. Nf3 Qa5
9. O-O Bg4 10. Re1 Ne8 11. e5 Qd8 12. h3 Bf5 13. a3 Nac7 14. Be3 b6 15. Bf2 Bc8
16. Bd3 e6 17. Be4 f5 18. Bh4 Qd7 19. dxe6 Qxe6 20. Bxa8 Nxa8 21. exd6 Qxd6 22.
Qxd6 Nxd6 23. Be7 Nxc4 24. Bxf8 Kxf8 25. Rad1 Bf6 26. Ne5 Nxb2 27. Rd2 Bxe5 28.
fxe5 Nc4 29. Rd8+ 1-0

[Event "Znojemska rotunda 2004"]
[Site "?"]
[Date "????.??.??"]
[Round "1"]
[White "Vavrousek, Petr"]
[Black "Jurica, Peter"]
[Result "0-1"]
[WhiteElo "1948"]
[BlackElo "2189"]
[PlyCount "68"]

1. e4 Nf6 2. e5 Nd5 3. d4 d6 4. Nf3 Bg4 5. Be2 c6 6. O-O Bxf3 7. Bxf3 dxe5 8.
dxe5 e6 9. c4 Ne7 10. Qxd8+ Kxd8 11. Nc3 Ng6 12. Bg5+ Kc7 13. Bh5 Nd7 14. Bxg6
hxg6 15. Bf4 Rh4 16. g3 Rh5 17. Ne4 Be7 18. g4 Rh3 19. Bg3 Rah8 20. Rad1 Bh4
21. Bf4 Rf3 22. Bg3 Bxg3 23. fxg3 Rxf1+ 24. Rxf1 Nxe5 25. Ng5 f6 26. Nxe6+ Kd6
27. Nf4 Rh7 28. Rd1+ Ke7 29. g5 fxg5 30. Re1 Kf6 31. Rxe5 Kxe5 32. Nxg6+ Ke4
33. Nf8 Rh8 34. Nd7 Rd8 0-1

[Event "Znojemska rotunda 2004"]
[Site "?"]
[Date "????.??.??"]
[Round "1"]
[White "Adam, Petr st."]
[Black "Pokorny, Jan"]
[Result "1-0"]
[WhiteElo "2097"]
[BlackElo "1681"]
[PlyCount "53"]

1. d4 d5 2. c4 e6 3. Nc3 Nf6 4. Nf3 c5 5. e3 b6 6. cxd5 exd5 7. Bb5+ Bd7 8.
Bxd7+ Qxd7 9. Ne5 Qe6 10. Qa4+ Nfd7 11. O-O Bd6 12. f4 O-O 13. f5 Qe8 14. Nxd7
Nxd7 15. Nxd5 Qd8 16. f6 Re8 17. dxc5 Bxc5 18. Qg4 g6 19. b4 Nf8 20. Rd1 Bd6
21. Bb2 Qb8 22. Ne7+ Kh8 23. Qh4 Ne6 24. Nxg6+ Kg8 25. Ne7+ Bxe7 26. fxe7 Qc7
27. Qf6 1-0

[Event "Znojemska rotunda 2004"]
[Site "?"]
[Date "????.??.??"]
[Round "1"]
[White "Havel, Vojtech"]
[Black "Vlk, Miroslav"]
[Result "0-1"]
[WhiteElo "1441"]
[BlackElo "2078"]
[PlyCount "52"]

1. d4 d5 2. c4 e6 3. Nf3 Nf6 4. Bg5 c6 5. Nc3 dxc4 6. a4 Bb4 7. e4 h6 8. Bxf6
Qxf6 9. Bxc4 O-O 10. O-O Nd7 11. Qc2 e5 12. dxe5 Nxe5 13. Nxe5 Qxe5 14. Rad1
Be6 15. Qb3 Bd6 16. g3 Bxc4 17. Qxc4 Rad8 18. Qb3 Qe7 19. Rfe1 a5 20. Qb6 Bb4
21. Qe3 Rfe8 22. Kh1 Rxd1 23. Rxd1 Bxc3 24. Qxc3 Qxe4+ 25. f3 Qe2 26. Rd2 Qf1#
0-1

[Event "Znojemska rotunda 2004"]
[Site "?"]
[Date "????.??.??"]
[Round "1"]
[White "Bilek, Martin"]
[Black "Blazek, Milos"]
[Result "0-1"]
[WhiteElo "1698"]
[BlackElo "2110"]
[PlyCount "30"]

1. f4 e5 2. fxe5 d6 3. exd6 Bxd6 4. Nf3 g5 5. g3 g4 6. Nh4 Ne7 7. d3 Ng6 8.
Nxg6 hxg6 9. Bg2 Rxh2 10. O-O Bxg3 11. Nc3 Qh4 12. Rf2 Bxf2+ 13. Kf1 Rxg2 14.
Kxg2 Qg3+ 15. Kh1 Qh3# 0-1

[Event "Znojemska rotunda 2004"]
[Site "?"]
[Date "????.??.??"]
[Round "2"]
[White "Vlk, Miroslav"]
[Black "Adam, Petr st."]
[Result "1/2-1/2"]
[WhiteElo "2078"]
[BlackElo "2094"]
[PlyCount "132"]

1. d4 Nf6 2. c4 g6 3. Nc3 Bg7 4. e4 O-O 5. f3 d6 6. Be3 Nc6 7. Bd3 a6 8. Nge2
Rb8 9. O-O Bd7 10. a3 e5 11. d5 Ne7 12. c5 Ne8 13. Rc1 f5 14. cxd6 cxd6 15. Na4
b5 16. Nac3 f4 17. Bf2 Bf6 18. b4 Nc8 19. Rc2 Bh4 20. Qe1 Bxf2+ 21. Qxf2 Qb6
22. Rfc1 Kf7 23. Nb1 Qxf2+ 24. Kxf2 Nb6 25. Nd2 g5 26. Nb3 h5 27. h3 g4 28.
hxg4 hxg4 29. Rh1 g3+ 30. Ke1 Nf6 31. Kd2 Rbc8 32. Na5 Rxc2+ 33. Kxc2 Rc8+ 34.
Kd2 Ke7 35. Rh6 Rg8 36. Nb7 Nc8 37. Ng1 Rg7 38. Ke2 Rh7 39. Rxh7+ Nxh7 40. Kd2
Ng5 41. Na5 Kd8 42. Kc3 Kc7 43. a4 Na7 44. axb5 axb5 45. Kd2 Kb6 46. Nb3 Nc8
47. Nc1 Ne7 48. Nce2 Ng6 49. Nc3 Nh4 50. Bf1 Be8 51. Ke1 Ng6 52. Kd2 Bd7 53.
Ke1 Nf8 54. Kd2 Nfh7 55. Ke1 Nf6 56. Kd2 Ne8 57. Ke1 Nc7 58. Kd2 Na6 59. Na2
Be8 60. Kc2 Bg6 61. Bd3 Bf7 62. Kb3 Nc7 63. Nc3 Be8 64. Kc2 Bd7 65. Bf1 Na6 66.
Kb3 Be8 1/2-1/2

[Event "Znojemska rotunda 2004"]
[Site "?"]
[Date "????.??.??"]
[Round "2"]
[White "Blazek, Milos"]
[Black "Dvorak, Libor"]
[Result "1-0"]
[WhiteElo "2110"]
[BlackElo "2026"]
[PlyCount "45"]

1. e4 c5 2. Nf3 d6 3. d4 cxd4 4. Nxd4 Nf6 5. Nc3 g6 6. Be3 Bg7 7. f3 Nc6 8. Qd2
O-O 9. Bc4 Bd7 10. h4 Rc8 11. Bb3 h5 12. O-O-O Ne5 13. Rdg1 Nc4 14. Bxc4 Rxc4
15. g4 b5 16. gxh5 b4 17. Nce2 Qa5 18. Kb1 Nxh5 19. Rg5 e5 20. Rhg1 Kh7 21. Nf5
Bf6 22. Rxh5+ gxh5 23. Bb6 1-0

[Event "Znojemska rotunda 2004"]
[Site "?"]
[Date "????.??.??"]
[Round "2"]
[White "Jurica, Peter"]
[Black "Urban, Vlastimil"]
[Result "1-0"]
[WhiteElo "2189"]
[BlackElo "2085"]
[PlyCount "63"]

1. Nf3 d5 2. d4 Nf6 3. c4 dxc4 4. Nc3 a6 5. g3 b5 6. Bg2 Bb7 7. O-O e6 8. Qc2
Nc6 9. Rd1 Nb4 10. Qb1 Rb8 11. a4 Nbd5 12. axb5 Nxc3 13. bxc3 Be4 14. Qa2 axb5
15. Ne5 Bxg2 16. Kxg2 Qd5+ 17. f3 Bd6 18. e4 Qb7 19. Bg5 Bxe5 20. dxe5 Nd7 21.
Qd2 Qc8 22. Qd4 h6 23. Be3 Nb6 24. Qc5 Na4 25. Qc6+ Kf8 26. Rd7 Kg8 27. Rxc7
Qf8 28. Rd1 Kh7 29. Rdd7 Qa3 30. Rxf7 Rhg8 31. Qxe6 Qxc3 32. Qxh6# 1-0

[Event "Znojemska rotunda 2004"]
[Site "?"]
[Date "????.??.??"]
[Round "2"]
[White "Bastyr, Pavel"]
[Black "Bilek, Martin"]
[Result "1-0"]
[WhiteElo "1543"]
[BlackElo "1698"]
[PlyCount "57"]

1. d4 f5 2. g3 Nf6 3. Bg2 e6 4. Nf3 d6 5. c4 Nbd7 6. Nc3 g6 7. O-O Bg7 8. Ng5
Qe7 9. Re1 O-O 10. e4 fxe4 11. Ngxe4 Nxe4 12. Nxe4 Qf7 13. Be3 Nb6 14. Rc1 e5
15. dxe5 Bxe5 16. Bd4 Bxd4 17. Qxd4 Qg7 18. Qc3 Bf5 19. b3 Nd7 20. Ng5 Ne5 21.
Bxb7 Rae8 22. Bd5+ Kh8 23. f4 Nd3 24. Rxe8 Qxc3 25. Rxf8+ Kg7 26. Rf7+ Kg8 27.
Rxf5+ Kg7 28. Rf7+ Kg8 29. Rxc3 1-0

[Event "Znojemska rotunda 2004"]
[Site "?"]
[Date "????.??.??"]
[Round "2"]
[White "Mlensky, Dalibor"]
[Black "Skaroupka, Jiri"]
[Result "1/2-1/2"]
[WhiteElo "2094"]
[BlackElo "2128"]
[PlyCount "39"]

1. e4 c6 2. d4 d5 3. exd5 cxd5 4. Bd3 Nc6 5. c3 Nf6 6. Bf4 Bg4 7. Qb3 Qd7 8.
Nd2 e6 9. Ngf3 Bxf3 10. Nxf3 Bd6 11. Bxd6 Qxd6 12. Qxb7 Rb8 13. Qa6 O-O 14. Bb5
Rb6 15. Qa4 Ne7 16. Rb1 Qb8 17. Bd3 Rxb2 18. O-O Rxb1 19. Rxb1 Qc7 20. Rb3
1/2-1/2

[Event "Znojemska rotunda 2004"]
[Site "?"]
[Date "????.??.??"]
[Round "2"]
[White "Dobes, Oldrich"]
[Black "Markovic, Ivan"]
[Result "0-1"]
[WhiteElo "2007"]
[BlackElo "2223"]
[PlyCount "44"]

1. e4 e5 2. Nf3 Nc6 3. Bb5 f5 4. d4 fxe4 5. Nxe5 Nxe5 6. dxe5 c6 7. Be2 Qa5+ 8.
Bd2 Qxe5 9. Bc3 Qg5 10. Bh5+ Kd8 11. O-O Nf6 12. Be2 d5 13. Bd2 Qg6 14. Re1 Bc5
15. c4 d4 16. b4 Bb6 17. c5 Bc7 18. f3 Qh5 19. g3 d3 20. Bc3 Bd7 21. Bf1 exf3
22. Qxd3 f2+ 0-1

[Event "Znojemska rotunda 2004"]
[Site "?"]
[Date "????.??.??"]
[Round "2"]
[White "Kireev, Aleksei"]
[Black "Vavrousek, Petr"]
[Result "1-0"]
[WhiteElo "2358"]
[BlackElo "1948"]
[PlyCount "71"]

1. d4 d5 2. Bg5 Qd6 3. c3 Nf6 4. e3 Nbd7 5. f4 h6 6. Bh4 Ne4 7. Nd2 Ndf6 8.
Bxf6 Nxf6 9. Ngf3 Bf5 10. Ne5 e6 11. g4 Bh7 12. g5 hxg5 13. fxg5 Nd7 14. Nxd7
Qxd7 15. Nf3 Bd6 16. Bd3 Be4 17. Bxe4 dxe4 18. Nd2 Rxh2 19. Rxh2 Bxh2 20. Nxe4
O-O-O 21. Qc2 Bd6 22. O-O-O Rh8 23. Qf2 Qa4 24. a3 Qd7 25. Rf1 Rf8 26. Qe2 Be7
27. Qg4 f5 28. gxf6 28... gxf6 {(=)} 29. Qg7 Qd8 30. Nf2 Qe8 31. Rg1 Qf7 32.
Nd3 Bd6 33. Qh6 Be7 34. Rg7 Qe8 35. Nf4 Rh8 36. Rxe7 1-0

[Event "Znojemska rotunda 2004"]
[Site "?"]
[Date "????.??.??"]
[Round "2"]
[White "Jadud, Otto"]
[Black "Talpa, Pavel"]
[Result "1-0"]
[WhiteElo "1974"]
[BlackElo "1892"]
[PlyCount "91"]

1. e4 c6 2. d4 d5 3. Nc3 dxe4 4. Nxe4 Nf6 5. Nxf6+ exf6 6. Nf3 Bd6 7. Bc4 O-O
8. O-O Bg4 9. Qd3 Qc7 10. h3 Bxf3 11. Qxf3 Re8 12. Bd3 Qa5 13. c4 Na6 14. c5
Be7 15. a3 Qd8 16. Rd1 Nc7 17. b4 a6 18. d5 cxd5 19. Bf4 Ne6 20. Be3 Ng5 21.
Bxg5 fxg5 22. Bc4 Bf6 23. Bxd5 Qc7 24. Bxb7 Bxa1 25. Bxa8 Be5 26. Bb7 a5 27.
Qc6 Rd8 28. Rxd8+ Qxd8 29. Qc8 Qxc8 30. Bxc8 axb4 31. axb4 Bd4 32. Kf1 Bc3 33.
b5 Bd4 34. c6 Bb6 35. Ke2 Kf8 36. f3 Ke7 37. Kd3 Kd6 38. Kc4 g6 39. Bd7 Bc7 40.
Be8 Ke7 41. Bxf7 Kxf7 42. Kc5 Ke6 43. b6 Bd6+ 44. Kb5 Ke7 45. Ka6 Kd8 46. Kb7
1-0

[Event "Znojemska rotunda 2004"]
[Site "?"]
[Date "????.??.??"]
[Round "2"]
[White "Voborny, David"]
[Black "Havel, Vojtech"]
[Result "1-0"]
[WhiteElo "1776"]
[BlackElo "1441"]
[PlyCount "45"]

1. d4 d5 2. c4 e6 3. Nc3 Nf6 4. Bg5 Nbd7 5. cxd5 h6 6. dxe6 hxg5 7. exd7+ Bxd7
8. e3 Bb4 9. Bd3 c6 10. Nge2 Qb6 11. Qc2 c5 12. a3 cxd4 13. axb4 dxc3 14. bxc3
Bc6 15. O-O Qc7 16. Ng3 g6 17. f4 Nh5 18. Nxh5 Rxh5 19. Be4 gxf4 20. exf4 O-O-O
21. Bxc6 bxc6 22. Qf2 Kb7 23. Rxa7+ 1-0

[Event "Znojemska rotunda 2004"]
[Site "?"]
[Date "????.??.??"]
[Round "2"]
[White "Holik, Jakub"]
[Black "Malar, Josef"]
[Result "0-1"]
[WhiteElo "1361"]
[BlackElo "1570"]
[PlyCount "46"]

1. d4 Nf6 2. c4 e6 3. Nc3 Bb4 4. Bd2 d5 5. e3 c6 6. Bd3 Bxc3 7. Bxc3 O-O 8. Nf3
Nbd7 9. O-O b6 10. a3 c5 11. b3 Ba6 12. Qc2 Qe7 13. Bd2 Rfd8 14. Ne5 Rac8 15.
b4 Nxe5 16. dxe5 Ne4 17. f3 Nxd2 18. Qxd2 dxc4 19. Bxh7+ Kxh7 20. Qc2+ g6 21.
Qa4 Bb7 22. Qxa7 Qc7 23. f4 Ra8 0-1

[Event "Znojemska rotunda 2004"]
[Site "?"]
[Date "????.??.??"]
[Round "3"]
[White "Dvorak, Libor"]
[Black "Pokorny, Jan"]
[Result "1-0"]
[WhiteElo "2026"]
[BlackElo "1681"]
[PlyCount "63"]

1. Nf3 Nf6 2. g3 g6 3. Bg2 Bg7 4. O-O O-O 5. c4 c5 6. Nc3 Nc6 7. d4 cxd4 8.
Nxd4 a6 9. c5 Qc7 10. Nb3 b6 11. Bf4 Qa7 12. cxb6 Qxb6 13. Be5 e6 14. Bd6 Rd8
15. Na4 Qb5 16. Nd4 Nxd4 17. Bxa8 Nxe2+ 18. Kh1 Bb7+ 19. Bxb7 Qxb7+ 20. f3 Qb5
21. Rf2 Nd4 22. Qxd4 Ne8 23. Qb6 Qxb6 24. Nxb6 Nxd6 25. Rd1 Nf5 26. Rxd7 Rb8
27. Nc4 Rc8 28. b3 h5 29. Rfd2 Kh7 30. Rxf7 Kh6 31. Rdd7 Rc6 32. g4 1-0

[Event "Znojemska rotunda 2004"]
[Site "?"]
[Date "????.??.??"]
[Round "3"]
[White "Talpa, Pavel"]
[Black "Bilek, Martin"]
[Result "0-1"]
[WhiteElo "1892"]
[BlackElo "1698"]
[PlyCount "84"]

1. d4 f5 2. e3 Nf6 3. Bd3 e6 4. f4 b6 5. Nf3 Bb7 6. O-O Be7 7. Nbd2 O-O 8. Qe1
Qe8 9. Qe2 Qg6 10. Ne5 Qh6 11. e4 Nc6 12. c3 Nxe5 13. fxe5 Nh5 14. exf5 Bg5 15.
Ne4 Bxc1 16. Raxc1 exf5 17. Bc4+ Kh8 18. Ng3 Nf4 19. Rxf4 Qxf4 20. Rf1 Qg4 21.
Qd2 f4 22. Be2 f3 23. Bxf3 Bxf3 24. gxf3 Rxf3 25. Rxf3 Qxf3 26. c4 h6 27. d5 c6
28. e6 cxd5 29. cxd5 dxe6 30. dxe6 Re8 31. e7 Qf7 32. Qd4 Qxe7 33. Nf5 Qe1+ 34.
Kg2 Qe4+ 35. Qxe4 Rxe4 36. Kf3 Rc4 37. Ne3 Rc5 38. Kf4 g5+ 39. Kg4 Kg7 40. Kh5
Re5 41. Ng4 Re2 42. h4 gxh4 0-1

[Event "Znojemska rotunda 2004"]
[Site "?"]
[Date "????.??.??"]
[Round "3"]
[White "Bastyr, Pavel"]
[Black "Voborny, David"]
[Result "0-1"]
[WhiteElo "1543"]
[BlackElo "1776"]
[PlyCount "92"]

1. d4 Nf6 2. Bg5 e6 3. e4 Be7 4. Bd3 c5 5. Bxf6 Bxf6 6. e5 Be7 7. Qg4 g6 8. Nf3
cxd4 9. Qxd4 Nc6 10. Qa4 Qc7 11. Qe4 Qb6 12. b3 Qa5+ 13. Nbd2 Bb4 14. Ke2 Bxd2
15. Nxd2 Qxe5 16. Nc4 Qxe4+ 17. Bxe4 d5 18. Nd6+ Ke7 19. Nxc8+ Raxc8 20. Bd3
Nb4 21. Rhc1 Rc7 22. a3 Nxd3 23. Kxd3 Rhc8 24. c3 Kd6 25. c4 b5 26. Rab1 bxc4+
27. bxc4 Rxc4 28. Rxc4 Rxc4 29. Rb7 Rc7 30. Rb8 e5 31. a4 e4+ 32. Kd2 Ke5 33.
Rb3 Kd4 34. a5 Rc5 35. Rb4+ Ke5 36. a6 Ra5 37. Rb7 Rxa6 38. Rxf7 Kd4 39. Rxh7
Ra2+ 40. Ke1 Kd3 41. Rh3+ Kc4 42. Rg3 d4 43. Rxg6 Kd3 44. Rg3+ e3 45. fxe3 dxe3
46. Rxe3+ Kxe3 0-1

[Event "Znojemska rotunda 2004"]
[Site "?"]
[Date "????.??.??"]
[Round "3"]
[White "Skaroupka, Jiri"]
[Black "Vlk, Miroslav"]
[Result "1-0"]
[WhiteElo "2128"]
[BlackElo "2078"]
[PlyCount "37"]

1. d4 d5 2. c4 e6 3. Nc3 Nf6 4. Bg5 Nbd7 5. e3 Be7 6. Nf3 O-O 7. Qc2 b6 8. cxd5
exd5 9. Bb5 Bb7 10. O-O c5 11. dxc5 bxc5 12. Rfd1 h6 13. Bh4 Nb6 14. Rac1 Rc8
15. Qf5 Qd6 16. e4 Qc7 17. Bxf6 Bxf6 18. exd5 Bxc3 19. d6 1-0

[Event "Znojemska rotunda 2004"]
[Site "?"]
[Date "????.??.??"]
[Round "3"]
[White "Malar, Josef"]
[Black "Dobes, Oldrich"]
[Result "0-1"]
[WhiteElo "1570"]
[BlackElo "2007"]
[PlyCount "86"]

1. Nf3 Nf6 2. c4 e6 3. g3 b6 4. Bg2 Bb7 5. d3 d6 6. Nbd2 Be7 7. a3 O-O 8. b4 a5
9. Bb2 Nbd7 10. Nb3 axb4 11. axb4 e5 12. O-O Rxa1 13. Bxa1 Qa8 14. Qc2 e4 15.
Ne1 exd3 16. Qxd3 Ne4 17. Nf3 Qa4 18. Nfd2 Nxd2 19. Nxd2 Bxg2 20. Kxg2 Qxb4 21.
Rb1 Qa4 22. Nf3 Bf6 23. Bd4 Qc6 24. h3 Bxd4 25. Qxd4 Ne5 26. Rc1 Ra8 27. e4
Nxf3 28. Kxf3 Ra3+ 29. Kg2 Ra5 30. g4 Qc5 31. Qd3 Ra2 32. Rc2 Rxc2 33. Qxc2 h5
34. f3 hxg4 35. hxg4 b5 36. Kg3 Qxc4 37. Qd2 b4 38. Qg5 g6 39. Qd8+ Kg7 40. g5
b3 41. Qf6+ Kh7 42. e5 Qe6 43. Qf4 Qxe5 0-1

[Event "Znojemska rotunda 2004"]
[Site "?"]
[Date "????.??.??"]
[Round "3"]
[White "Urban, Vlastimil"]
[Black "Jadud, Otto"]
[Result "0-1"]
[WhiteElo "2085"]
[BlackElo "1974"]
[PlyCount "48"]

1. d4 Nf6 2. c4 e5 3. dxe5 Ng4 4. Nf3 Nc6 5. Bf4 Bc5 6. e3 f6 7. exf6 Qxf6 8.
Nc3 Nxf2 9. Kxf2 Qxf4 10. Nd5 Qh6 11. a3 a5 12. b4 axb4 13. axb4 Rxa1 14. Qxa1
Bxb4 15. Nxb4 Nxb4 16. Qe5+ Kd8 17. Qc5 Nc6 18. Bd3 d6 19. Qa3 Rf8 20. c5 Ne5
21. cxd6 Ng4+ 22. Kg3 cxd6 23. Rc1 Rxf3+ 24. Kxf3 Qxe3# 0-1

[Event "Znojemska rotunda 2004"]
[Site "?"]
[Date "????.??.??"]
[Round "3"]
[White "Vavrousek, Petr"]
[Black "Holik, Jakub"]
[Result "1-0"]
[WhiteElo "1948"]
[BlackElo "1361"]
[PlyCount "27"]

1. e4 c5 2. Nf3 Nc6 3. d4 cxd4 4. Nxd4 e5 5. Nb5 Nf6 6. Bg5 h6 7. Bxf6 gxf6 8.
Nd6+ Bxd6 9. Qxd6 Nd4 10. Bd3 Rg8 11. Nc3 Rxg2 12. Nd5 Ne6 13. O-O-O Rxf2 14.
Rhg1 1-0

[Event "Znojemska rotunda 2004"]
[Site "?"]
[Date "????.??.??"]
[Round "3"]
[White "Adam, Petr st."]
[Black "Kireev, Aleksei"]
[Result "0-1"]
[WhiteElo "2097"]
[BlackElo "2358"]
[PlyCount "48"]

1. d4 g6 2. e4 d6 3. Nc3 c6 4. h3 e5 5. Be3 Bg7 6. Nf3 Nd7 7. Be2 Ngf6 8. O-O
Qe7 9. Re1 O-O 10. Bf1 Ne8 11. Qd2 f5 12. exf5 gxf5 13. dxe5 dxe5 14. Rad1 e4
15. Bg5 Qf7 16. Qf4 Kh8 17. Nh4 Nc5 18. Rd8 b5 19. Bh6 Ne6 20. Bxg7+ Qxg7 21.
Nxf5 Qf6 22. Nxe4 Qxd8 23. Qe5+ N8g7 24. Re3 Rxf5 0-1

[Event "Znojemska rotunda 2004"]
[Site "?"]
[Date "????.??.??"]
[Round "3"]
[White "Markovic, Ivan"]
[Black "Mlensky, Dalibor"]
[Result "1/2-1/2"]
[WhiteElo "2223"]
[BlackElo "2094"]
[PlyCount "92"]

1. e4 d5 2. d3 dxe4 3. dxe4 Qxd1+ 4. Kxd1 e5 5. Be3 Be6 6. Nd2 Nd7 7. Ngf3 f6
8. c3 Bc5 9. Bxc5 Nxc5 10. b4 Nd7 11. Bc4 Bxc4 12. Nxc4 Nh6 13. Ke2 Nf7 14.
Rhd1 O-O-O 15. a4 Nb6 16. Nxb6+ axb6 17. Nd2 Rd6 18. Nc4 Rxd1 19. Rxd1 Rd8 20.
Rxd8+ Kxd8 21. Ne3 Nd6 22. Kd3 b5 23. a5 c6 24. c4 bxc4+ 25. Nxc4 Nb5 26. Nb6
Nd6 27. Na4 h6 28. Nc5 Kc8 29. h4 Ne8 30. g3 Kc7 31. f4 exf4 32. gxf4 b6 33.
Ne6+ Kb7 34. e5 fxe5 35. fxe5 g5 36. hxg5 hxg5 37. Nxg5 c5 38. bxc5 bxa5 39.
Kc4 a4 40. Ne4 a3 41. Kb3 Kc6 42. Kxa3 Kd5 43. Nf6+ Kxc5 44. Nxe8 Kd5 45. Ng7
Kxe5 46. Ne6 Kxe6 1/2-1/2

[Event "Znojemska rotunda 2004"]
[Site "?"]
[Date "????.??.??"]
[Round "4"]
[White "Kireev, Aleksei"]
[Black "Blazek, Milos"]
[Result "1-0"]
[WhiteElo "2358"]
[BlackElo "2110"]
[PlyCount "147"]

1. d4 d5 2. Bg5 c6 3. c3 h6 4. Bh4 Bf5 5. e3 Qb6 6. Qb3 Nd7 7. Nf3 Ngf6 8. Nbd2
e6 9. Be2 Be7 10. O-O O-O 11. c4 Qxb3 12. Nxb3 Bd8 13. Rac1 Ne4 14. Bxd8 Rfxd8
15. Na5 Rab8 16. b4 dxc4 17. Nxc4 Bg4 18. h3 Bh5 19. Rc2 Ng5 20. a4 Bxf3 21.
Bxf3 Nxf3+ 22. gxf3 22... Nf6 {(=)} 23. Ne5 Nd5 24. Rb1 Rbc8 25. Kf1 Nb6 26. a5
Nd7 27. Nxd7 Rxd7 28. b5 Kf8 29. bxc6 bxc6 30. a6 Rcc7 31. Rc5 Ke7 32. Ke2 Rd5
33. Kd3 Kd6 34. Kc4 Rxc5+ 35. dxc5+ Kd7 36. Rg1 g6 37. Rd1+ Ke7 38. Rd6 38...
e5 {(=)} 39. f4 exf4 40. exf4 f6 41. Kc3 Rc8 42. f5 g5 43. Kc4 Rc7 44. Re6+ Kf7
45. Kb4 Rc8 46. Ka5 Rc7 47. Re2 Kf8 48. Rb2 Ke7 49. Rb8 h5 50. Rh8 h4 51. f3
Kd7 52. Rh6 Ke7 53. Kb4 Rd7 54. Rh7+ Kd8 55. Rh8+ Ke7 56. Rc8 Rd4+ 57. Ka5 Rd5
58. Rc7+ Kd8 59. Rxa7 Rxc5+ 60. Kb6 Rxf5 61. Rh7 Rxf3 62. a7 Ra3 63. Rh8+ Kd7
64. a8=Q Rxa8 65. Rxa8 Ke6 66. Kxc6 f5 67. Rg8 f4 68. Kc5 Ke5 69. Re8+ Kf5 70.
Kd4 g4 71. Re5+ Kf6 72. hxg4 f3 73. Rf5+ Kg6 74. Ke3 1-0

[Event "Znojemska rotunda 2004"]
[Site "?"]
[Date "????.??.??"]
[Round "4"]
[White "Voborny, David"]
[Black "Markovic, Ivan"]
[Result "1/2-1/2"]
[WhiteElo "1776"]
[BlackElo "2223"]
[PlyCount "75"]

1. d4 Nf6 2. c4 c5 3. dxc5 e6 4. e3 Bxc5 5. Nf3 O-O 6. Bd3 d5 7. cxd5 Bb4+ 8.
Bd2 Nxd5 9. O-O Bxd2 10. Qxd2 Qe7 11. Nc3 Nf6 12. Rac1 Nc6 13. Qe2 e5 14. Ng5
Bg4 15. f3 Be6 16. Qf2 h6 17. Nxe6 Qxe6 18. a3 {(=)} 18... Rac8 19. Rfd1 Rfd8
20. Ne4 Nxe4 21. Bxe4 Rd6 22. Qc2 Rcd8 23. Qa4 Rxd1+ 24. Rxd1 Rxd1+ 25. Qxd1 g6
26. Bd5 Qe7 27. Qc2 Qd6 28. Qc4 Qd7 29. Qb5 Qd6 30. Kf2 Kg7 31. Bxc6 bxc6 32.
Qa5 c5 33. Qc3 Kh7 34. Qb3 Qd2+ 35. Kg3 Kg7 36. h3 Qd6 37. Qc3 f6 38. Qb3 {
V tuto chvili se zapisy obou hracu rozchazeji, partie skoncila po 48. tahu
cerneho remizou.Roesner} 1/2-1/2

[Event "Znojemska rotunda 2004"]
[Site "?"]
[Date "????.??.??"]
[Round "4"]
[White "Vlk, Miroslav"]
[Black "Bastyr, Pavel"]
[Result "1-0"]
[WhiteElo "2078"]
[BlackElo "1543"]
[PlyCount "81"]

1. d4 Nf6 2. c4 g6 3. Nc3 Bg7 4. e4 d6 5. f3 O-O 6. Be3 e5 7. d5 Nh5 8. Qd2 f5
9. O-O-O f4 10. Bf2 Nf6 11. Kb1 b6 12. Nge2 Na6 13. Nc1 Nc5 14. Nd3 Qe8 15.
Nxc5 bxc5 16. Nb5 Rf7 17. Qa5 Qe7 18. Rd3 a6 19. Ra3 Rb8 20. Na7 Bb7 21. Rb3
Rff8 22. Be2 Qd7 23. Rd1 Kh8 24. Rdd3 Ng8 25. Bd1 Ne7 26. Bh4 h6 27. Ra3 g5 28.
Ba4 Qd8 29. Bf2 Ra8 30. Nc6 Bxc6 31. Bxc6 Nxc6 32. dxc6 Ra7 33. Bxc5 Qa8 34.
Bxa7 Qxa7 35. c5 Rb8 36. Rab3 Rxb3 37. Rxb3 Qxc5 38. Qxc5 dxc5 39. Rb7 Bf8 40.
Rxc7 Kg8 41. Rd7 1-0